000 00661nam a2200217 b 4500
003 OSt
005 20160208153322.0
008 160208b xxu||||| |||| 00| 0 eng d
040 _aBU-BP
_cBMC
082 _a859
082 _a920
100 _9510
_aRavage, M. E.
_d1884-1965
_qMarcus Eli
245 1 0 _aCinco hombres de Francfort
_b : (la historia de los Rothschild)
_cM.E. Ravage ; [traducción del original en ingles por G. Sans Huelin]
250 _a2ª ed
260 _aMadrid
_bEspasa-Calpe
_c1963
300 _a232 p.
_c18 cm
490 _aAustral
_v489
600 3 4 _9535
_aRothschild (Familia)
700 _9509
_aSans Huélin, Guillermo
942 _2ddc
_cBK
999 _c446
_d446